Catálogo
 En Linea

Crimenes del imperialismo norteamericano. / (Registro nro. 26659)

Detalles MARC
000 -CABECERA
campo de control de longitud fija 00458nam a2200157 a 4500
001 - NÚMERO DE CONTROL
campo de control 000027167
005 - FECHA Y HORA DE LA ÚLTIMA TRANSACCIÓN
campo de control 20200930030639.0
008 - DATOS DE LONGITUD FIJA--INFORMACIÓN GENERAL
campo de control de longitud fija 110330s2004 mx 000 0 spa d
040 ## - FUENTE DE LA CATALOGACIÓN
Centro catalogador/agencia de origen DO-SdBNP
Lengua de catalogación spa
Centro/agencia transcriptor BNPHU
082 ## - NÚMERO DE LA CLASIFICACIÓN DECIMAL DEWEY
Número de clasificación xxxx
Número de documento/Ítem B641c
049 ## - FONDOS LOCALES (OCLC)
Fondos de biblioteca BNPD
100 1# - ENTRADA PRINCIPAL--NOMBRE DE PERSONA
Nombre de persona Blanco Fombona, Horacio
9 (RLIN) 23842
245 10 - MENCIÓN DE TÍTULO
Título Crimenes del imperialismo norteamericano. /
Mención de responsabilidad, etc. Horacio Blanco Fombona.
260 ## - PUBLICACIÓN, DISTRIBUCIÓN, ETC.
Lugar de publicación, distribución, etc. México :
Nombre del editor, distribuidor, etc. Churubusco,
Fecha de publicación, distribución, etc. [197-]?
300 ## - DESCRIPCIÓN FÍSICA
Extensión 144 p. ;
Dimensiones 22 cm.
Existencias
Estado de retiro Estado de pérdida Restricciones de uso No para préstamo Código de colección Localización permanente Ubicación/localización actual Ubicación en estantería Fecha de adquisición Número de inventario Total de préstamos Signatura topográfica completa Código de barras Fecha visto por última vez Precio válido a partir de Tipo de ítem Koha
      Excluido de préstamo Monografías: Libros y Folletos Patrimonio Dominicano Patrimonio Dominicano En catalogación 30.03.2011 LF1   xxxx B641c 27167-10 25.06.2020 25.06.2020 No se presta

Con tecnología Koha